000 00908nam a22002057a 4500
003 0
005 20250117093520.0
008 250116b xxu||||| |||| 00| 0 eng d
050 _aRT 86.7
_b.L86 2024
100 _aLoon, Derek Miles A.
245 _aA correlational study of student clinical experience and employment onboarding programs among newly hired nurses in Las Pinas Hospitals
_cDerek Miles A. Loon [and five others]
260 _aLas Pinas City
_bSouthville International School and Colleges
_c2024
300 _aix, 84 pages :
_billustrations ;
_c29cm.
504 _aIncludes bibliographical references and appendices.
650 _aNursing students—Clinical experience—Philippines.
650 _aNurses—Employment—Philippines.
650 _aEmployee orientation programs—Hospitals—Philippines.
650 _aHospital workforce integration—Las Piñas City.
942 _2lcc
_cTH
999 _c367005
_d367005